Представление документа в формате MARC21

Поле Инд. ПП Название Значение
Тип записи a
Библиографический уровень b
001 Контрольный номер RU/IS/BASE/320433075
005 Дата корректировки 20200610181711.3
008 Кодируемые данные 20100225
040 b Код языка каталог. rus
e Правила каталог. PSBO
041 0_ a Код языка текста rus
084 a Индекс другой классификации/Индекс ББК 83.3(4Исп)4
100 1_ a Автор Мартынова Е. С.
q Полное имя Мартынова Евгения Серафимовна
245 10 a Заглавие Трансформация образов героев в цикле испанских романсов о Мориане
504 a Библиография Библиогр.: с. 172
520 0_ a Аннотация Испанские романсы нередко образуют циклы. Данная статья анализирует один из таких циклов, повествующий о Мориане. Его уникальность заключается в том, что одно и то же событие показано глазами разных героев. Сюжетно-композиционные особенности разбираются в гендерном ключе. В частности, показано, что образ главной героини совмещает в себе несколько традиций изображения женщины в Средние века. Мужские персонажи представляют собой два излюбленных испанской литературой типа - рыцаря-христианина и мавра
650 04 a Основная рубрика история литературы
a Основная рубрика литературоведение
a Основная рубрика филологические науки
653 0_ a Ключевые слова женские персонажи
a Ключевые слова Испания
a Ключевые слова лирико-эпические произведения
a Ключевые слова литературные образы
a Ключевые слова литературные персонажи
a Ключевые слова Мориана
a Ключевые слова мужские персонажи
a Ключевые слова поэзия
a Ключевые слова романсы
a Ключевые слова средние века
a Ключевые слова сюжет
773 18 t Заглавие источника Вестник Московского университета. Серия 9, Филология
d Дата издания источника 2009
g Прочая информация № 5. - С. 166 - 172
w Контрольный № источника RU/IS/BASE/317399320
901 t Тип документа b